[Event "WA State-ch"]
[Site "South Perth"]
[Date "2006.07.02"]
[Round "1"]
[White "Jahangirian, Mohammad"]
[Black "Williams, William"]
[Result "1-0"]
[WhiteElo "1679"]
[BlackElo "640"]
[PlyCount "63"]
[EventDate "2006.07.02"]
[EventType "swiss"]
[EventRounds "9"]
[EventCountry "AUS"]
[SourceTitle "EXT 2008"]
[Source "ChessBase"]
[SourceDate "2007.11.25"]
[SourceVersion "1"]
[SourceVersionDate "2007.11.25"]
[SourceQuality "1"]

1. e4 e5 2. Nf3 Nc6 3. Bb5 Nge7 4. 0-0 a6 5. Ba4 b5 6. Bb3 d5 7. exd5 Nxd5 8. h3 e4 9. Re1 Bf5 10. d4 Be7 11. Ne5 0-0 12. Nxc6 Qd6 13. Bxd5 Bf6 14. Bxe4 Bxe4 15. Rxe4 Qxc6 16. Re1 Rad8 17. Be3 Qd6 18. c3 c5 19. Na3 cxd4 20. cxd4 Bxd4 21. Qxd4 Qxd4 22. Bxd4 Rxd4 23. Rad1 Rf4 24. Nc2 Rc4 25. Ne3 Rb4 26. Re2 g6 27. Nd5 Rc4 28. b3 Rc5 29. Rdd2 Rd8 30. Ne7+ Kg7 31. Rxd8 Rc1+ 32. Kh2 1-0

[Event "Perth Metro CC-chB"]
[Site "Perth"]
[Date "2006.03.30"]
[Round "8"]
[White "Johnstone, Ray"]
[Black "Jahangirian, Mohammad"]
[Result "0-1"]
[WhiteElo "1679"]
[BlackElo "1644"]
[PlyCount "64"]
[EventDate "2006.02.02"]
[EventType "tourn"]
[EventRounds "11"]
[EventCountry "AUS"]
[SourceTitle "EXT 2010"]
[Source "ChessBase"]
[SourceDate "2010.11.25"]
[SourceVersion "1"]
[SourceVersionDate "2010.11.25"]
[SourceQuality "1"]

1. e4 c5 2. Nf3 d6 3. d4 cxd4 4. Nxd4 Nf6 5. Nc3 a6 6. Bc4 e6 7. 0-0 Be7 8. Be3 0-0 9. Bb3 b5 10. a3 Bb7 11. f3 Nbd7 12. Bxe6 fxe6 13. Nxe6 Qe8 14. Nc7 Qf7 15. Nxa8 Bxa8 16. Qd2 Ne5 17. b3 Rc8 18. Rfd1 Qg6 19. Kh1 h5 20. Ne2 Qf7 21. Bf4 Nfd7 22. Ng3 g6 23. Rf1 Qe6 24. Rad1 Bb7 25. Be3 Nf6 26. Bf4 Kh7 27. Rf2 Nc6 28. Bg5 h4 29. Ne2 Nh5 30. Nf4 Nxf4 31. Qxf4 Rf8 32. Qd2 Ne5 0-1

[Event "Perth Metro CC-chB"]
[Site "Perth"]
[Date "2006.02.09"]
[Round "2"]
[White "Jahangirian, Mohammad"]
[Black "Humphries, Ryan"]
[Result "1-0"]
[WhiteElo "1644"]
[BlackElo "1555"]
[PlyCount "61"]
[EventDate "2006.02.02"]
[EventType "tourn"]
[EventRounds "11"]
[EventCountry "AUS"]
[SourceTitle "EXT 2010"]
[Source "ChessBase"]
[SourceDate "2010.11.25"]
[SourceVersion "1"]
[SourceVersionDate "2010.11.25"]
[SourceQuality "1"]

1. e4 c5 2. Nf3 d6 3. d4 cxd4 4. Nxd4 Nf6 5. Nc3 g6 6. Bc4 Bg7 7. 0-0 Nc6 8. Bb3 Bd7 9. a3 Nxe4 10. Nxc6 Bxc6 11. Nd5 e6 12. Nb4 Nc5 13. Nxc6 bxc6 14. Ba2 Rb8 15. c3 a5 16. Qc2 Qb6 17. Rb1 Nb3 18. Be3 c5 19. Qe4 d5 20. Qa4+ Qb5 21. Bxb3 Qxa4 22. Bxa4+ Kd8 23. Bxc5 Kc7 24. f4 f6 25. Rfd1 e5 26. fxe5 fxe5 27. Rf1 Rb7 28. Rf7+ Kc8 29. Rbf1 Bh6 30. Rxb7 Kxb7 31. Rf7+ 1-0

[Event "Perth Respini-B"]
[Site "Perth"]
[Date "2005.10.13"]
[Round "6"]
[White "Jahangirian, Mohammad"]
[Black "Payne, Sophie"]
[Result "1/2-1/2"]
[WhiteElo "1667"]
[BlackElo "1598"]
[PlyCount "108"]
[EventDate "2005.09.01"]
[EventType "tourn"]
[EventRounds "9"]
[EventCountry "AUS"]
[SourceTitle "EXT 2010"]
[Source "ChessBase"]
[SourceDate "2010.11.25"]
[SourceVersion "1"]
[SourceVersionDate "2010.11.25"]
[SourceQuality "1"]

1. e4 d5 2. exd5 Qxd5 3. Nc3 Qa5 4. Nf3 Nf6 5. Bc4 Bg4 6. h3 Qh5 7. Be2 e6 8. 0-0 Bxh3 9. gxh3 Qxh3 10. Ng5 Qh4 11. d3 Bd6 12. f4 Nd5 13. Nxd5 exd5 14. Qe1 Qxe1 15. Rxe1 0-0 16. d4 Nd7 17. Bd3 Nf6 18. Bd2 Rfe8 19. Nf3 Ne4 20. Bxe4 dxe4 21. Ne5 Re7 22. Nc4 Rae8 23. Nxd6 cxd6 24. Kf2 Rc8 25. c3 d5 26. Ke3 Rc6 27. Rh1 f5 28. Rag1 h6 29. Be1 Ra6 30. a3 Rb6 31. Rg2 Kh7 32. Bh4 Ree6 33. Bd8 Rg6 34. Rgg1 Rxg1 35. Rxg1 Rc6 36. Be7 Re6 37. Bf8 Rg6 38. Rxg6 Kxg6 39. Be7 Kf7 40. Bh4 b5 41. b3 a5 42. Bd8 a4 43. bxa4 bxa4 44. Ba5 Ke6 45. Kd2 Kd6 46. Ke3 Kc6 47. Bb4 Kb6 48. Be7 g6 49. Bf8 h5 50. Be7 Kb5 51. Kd2 Kc4 52. Kc2 Kb5 53. Bh4 Kc4 54. Be7 Kb5 1/2-1/2

[Event "Perth Respini-B"]
[Site "Perth"]
[Date "2005.10.06"]
[Round "5"]
[White "Massey, R."]
[Black "Jahangirian, Mohammad"]
[Result "1/2-1/2"]
[WhiteElo "1786"]
[BlackElo "1667"]
[PlyCount "139"]
[EventDate "2005.09.01"]
[EventType "tourn"]
[EventRounds "9"]
[EventCountry "AUS"]
[SourceTitle "EXT 2010"]
[Source "ChessBase"]
[SourceDate "2010.11.25"]
[SourceVersion "1"]
[SourceVersionDate "2010.11.25"]
[SourceQuality "1"]

1. Nf3 Nf6 2. c4 c5 3. Nc3 Nc6 4. g3 e6 5. Bg2 Be7 6. d4 cxd4 7. Nxd4 0-0 8. 0-0 d5 9. cxd5 exd5 10. Nxc6 bxc6 11. Bg5 Be6 12. Qc2 Rc8 13. Rfd1 h6 14. Bxf6 Bxf6 15. Rac1 Re8 16. b3 Bg5 17. e3 Qd7 18. Na4 Be7 19. Nc5 Qc7 20. Nxe6 fxe6 21. Bh3 Ba3 22. Rb1 Qe5 23. Qg6 Qf6 24. Qxf6 gxf6 25. Rd4 Bc5 26. Rh4 Kh7 27. Rc1 Bb6 28. Kg2 f5 29. Kf3 Rf8 30. Ke2 e5 31. g4 fxg4 32. Rxg4 Rc7 33. Rcg1 Rcf7 34. R1g2 e4 35. Rg6 Rf6 36. Rxf6 Rxf6 37. Bd7 a5 38. Rg1 Kh8 39. Rd1 Rd6 40. Bf5 Kg7 41. Rg1+ Kf7 42. Rd1 Kf6 43. Bc8 Ke7 44. h3 Rg6 45. Kf1 h5 46. Bb7 Kd7 47. Ba6 Kd6 48. Be2 h4 49. Bg4 Rf6 50. Ke2 Ke5 51. Bc8 d4 52. exd4+ Bxd4 53. Rf1 c5 54. Bg4 Kd5 55. f4 c4 56. bxc4+ Kxc4 57. Rc1+ Kb4 58. Rd1 Kc3 59. f5 Rd6 60. Bh5 Rb6 61. Rd2 a4 62. Bf7 a3 63. Bb3 Bg1 64. Rc2+ Kd4 65. Rc1 Bh2 66. Rf1 Ke5 67. Ke3 Rd6 68. f6 Rxf6 69. Rxf6 Kxf6 70. Kxe4 1/2-1/2

[Event "Perth Respini-B"]
[Site "Perth"]
[Date "2005.09.15"]
[Round "3"]
[White "Johnstone, Ray"]
[Black "Jahangirian, Mohammad"]
[Result "1/2-1/2"]
[WhiteElo "1725"]
[BlackElo "1667"]
[PlyCount "97"]
[EventDate "2005.09.01"]
[EventType "tourn"]
[EventRounds "9"]
[EventCountry "AUS"]
[SourceTitle "EXT 2010"]
[Source "ChessBase"]
[SourceDate "2010.11.25"]
[SourceVersion "1"]
[SourceVersionDate "2010.11.25"]
[SourceQuality "1"]

1. e4 c6 2. Nc3 d5 3. exd5 cxd5 4. d4 Bf5 5. Nf3 Nc6 6. Bb5 a6 7. Bxc6+ bxc6 8. 0-0 Nf6 9. Bf4 h6 10. Re1 e6 11. Ne5 Qc8 12. Qe2 Bb4 13. g4 Bh7 14. g5 hxg5 15. Bxg5 Bf5 16. f3 Nh5 17. Ng4 Bd6 18. Nd1 Nf4 19. Bxf4 Bxf4 20. Nde3 Bg6 21. Ng2 Bd6 22. Rf1 Qc7 23. f4 Bh5 24. c4 Kd7 25. c5 Be7 26. Rae1 Kc8 27. b4 Bf6 28. Rd1 g6 29. Rd2 Bg7 30. Ne1 Qe7 31. Qg2 Bxg4 32. Qxg4 Rh4 33. Qg3 Bf6 34. Nf3 Rh5 35. a4 Qc7 36. Qg4 Rf5 37. Ne5 Rh5 38. Rb1 Bxe5 39. fxe5 Qe7 40. Rg2 Rh4 41. Qd1 Rb8 42. Qd3 Qa7 43. Rgb2 Rh8 44. b5 axb5 45. axb5 cxb5 46. Rxb5 Kc7 47. Rb6 Qa2 48. h3 Qc4 49. Qe3 1/2-1/2

[Event "West Australia-ch"]
[Site "South Perth"]
[Date "2005.07.24"]
[Round "4"]
[White "Hare, Tim"]
[Black "Jahangirian, Mohammad"]
[Result "1-0"]
[WhiteElo "2097"]
[BlackElo "1701"]
[PlyCount "93"]
[EventDate "2005.07.03"]
[EventType "swiss"]
[EventRounds "9"]
[EventCountry "AUS"]
[SourceTitle "EXT 2009"]
[Source "ChessBase"]
[SourceDate "2008.11.26"]
[SourceVersion "1"]
[SourceVersionDate "2008.11.26"]
[SourceQuality "1"]

1. c4 Nf6 2. Nf3 g6 3. g3 Bg7 4. Bg2 d6 5. Nc3 c5 6. a3 Nc6 7. d3 0-0 8. 0-0 Bd7 9. Rb1 a5 10. Bg5 Re8 11. h3 h6 12. Bd2 Qc8 13. Kh2 Nd8 14. b4 axb4 15. axb4 Ne6 16. b5 b6 17. Ng1 Rb8 18. Ra1 Qc7 19. Ra3 Bc8 20. Bc6 Rf8 21. Qc1 Kh7 22. Nf3 Nd8 23. Nd5 Nxd5 24. cxd5 e6 25. e4 Qe7 26. Bc3 exd5 27. Bxg7 Kxg7 28. exd5 Qf6 29. Qa1 Nb7 30. Qxf6+ Kxf6 31. Ra7 Na5 32. Re1 Bf5 33. Re3 g5 34. g4 Bg6 35. Nd2 Rbd8 36. Kg3 Kg7 37. Kf3 h5 38. Ke2 Kh6 39. Ree7 f5 40. gxh5 Bxh5+ 41. f3 Bg6 42. Re6 Kh5 43. Rg7 Kh4 44. Rexg6 Rh8 45. Rxg5 Kxh3 46. Rg1 Kh2 47. Nf1+ 1-0

[Event "West Australia-ch"]
[Site "South Perth"]
[Date "2005.07.10"]
[Round "2"]
[White "Dunlop, Gordon"]
[Black "Jahangirian, Mohammad"]
[Result "0-1"]
[WhiteElo "1823"]
[BlackElo "1701"]
[PlyCount "120"]
[EventDate "2005.07.03"]
[EventType "swiss"]
[EventRounds "9"]
[EventCountry "AUS"]
[SourceTitle "EXT 2009"]
[Source "ChessBase"]
[SourceDate "2008.11.26"]
[SourceVersion "1"]
[SourceVersionDate "2008.11.26"]
[SourceQuality "1"]

1. e4 c5 2. Nf3 Nc6 3. d4 cxd4 4. Nxd4 Nf6 5. Nc3 a6 6. Be2 e6 7. Bg5 Be7 8. f4 0-0 9. Qd2 Ne8 10. Nxc6 bxc6 11. Bxe7 Qxe7 12. e5 f5 13. 0-0-0 Rb8 14. g4 Qb4 15. b3 fxg4 16. Bc4 Qa3+ 17. Kb1 Qb4 18. Ka1 d5 19. exd6 Nxd6 20. Qxd6 Qxc3+ 21. Kb1 Bb7 22. Bxe6+ Kh8 23. Rd3 Qf6 24. Rhd1 h5 25. f5 a5 26. Qc7 a4 27. Qa5 Ra8 28. Qc3 Qxc3 29. Rxc3 axb3 30. cxb3 Rad8 31. Rxd8 Rxd8 32. Kc2 Kh7 33. h3 Kh6 34. hxg4 hxg4 35. Rd3 Rxd3 36. Kxd3 Kg5 37. Ke3 c5 38. Kf2 Kf4 39. a4 g3+ 40. Kg1 Ke5 41. Bc4 g2 42. a5 Kd6 43. Be2 Kc7 44. Bg4 Bd5 45. Bh3 Bxb3 46. Bxg2 Bc2 47. Kf2 Bxf5 48. Ke3 Bd7 49. Kd3 Bb5+ 50. Kc3 Kb8 51. Bd5 Ka7 52. Kd2 Ka6 53. Ke3 Kxa5 54. Be4 Kb4 55. Kf4 c4 56. Kg5 Be8 57. Kf5 Kb3 58. Bd5 Kc3 59. Ke5 Kd3 60. Be4+ Kd2 0-1

[Event "WA State-ch"]
[Site "Perth"]
[Date "2004.??.??"]
[Round "2"]
[White "Jahangirian, Mohammad"]
[Black "Byrne, Stewart"]
[Result "0-1"]
[WhiteElo "1700"]
[BlackElo "2205"]
[PlyCount "62"]
[EventDate "2004.??.??"]
[EventType "swiss"]
[EventRounds "9"]
[EventCountry "AUS"]
[SourceTitle "EXT 2007"]
[Source "ChessBase"]
[SourceDate "2006.11.23"]
[SourceVersion "1"]
[SourceVersionDate "2006.11.23"]
[SourceQuality "1"]

1. e4 e5 2. Nf3 Nc6 3. Bb5 a6 4. Ba4 Nf6 5. 0-0 Be7 6. Re1 b5 7. Bb3 d6 8. c3 0-0 9. h3 Be6 10. Bc2 d5 11. exd5 Nxd5 12. d4 exd4 13. Nxd4 Nxd4 14. Qxd4 Bf6 15. Qe4 g6 16. Qf3 b4 17. a3 bxc3 18. Nxc3 Nxc3 19. bxc3 Be7 20. Rb1 Qd6 21. g4 Qc5 22. Bd2 Rad8 23. Red1 Rfe8 24. Be4 Ba2 25. Rb2 Bd5 26. Bxd5 Qxd5 27. Qxd5 Rxd5 28. Rbb1 Red8 29. c4 Rxd2 30. Rxd2 Rxd2 31. Rb8+ Bf8 0-1